000 01804cad a22002535a 4500
001 E147029
008 090324s2009 xxk f s000 0 eng d
020 _a9780755974894
022 1 _a0950-2254
035 _a(Sirsi) u147029
041 0 _aeng
050 0 4 _a346.4104342 $2 18
110 2 _aScotland
_bScottish Government
_95344
245 0 0 _aScottish Government review of the private rented sector
_bvolume 1, key findings and policy implications
_h[electronic resource]
260 _aEdinburgh
_bScottish Government
_c2009
505 2 _aExecutive summary -- Background to the review -- Diversity in the private rented sector: landlords and locations -- Private tenants: characteristics and experiences -- The ability of the private rented sector to provide appropriate and well-managed accommodation -- Supporting the professionalism and reputation of the sector -- Homeless households and the private rented sector -- The affordability and supply of private rented housing -- Appendix one: acknowledgments
520 _aPresents the key findings of research into the private rented sector, and looks at the implications for future policy. The review was aimed at: undertaking a general stock take of the sector; examining the role which the sector plays in housing those on low incomes and benefits; and looking at good practice in relation to local authorities and their contact with the private rented sector. For other publications in this series, see E147032, E147034, E147035 and E147036.
521 _aAdvanced
590 _aKA
651 4 _aScotland
_y1999-
690 _aPROPERTY-RESIDENTIAL PROPERTY-RESIDENTIAL LANDLORD AND TENANT
856 4 0 _uhttps://www.scotland.gov.uk/Publications/2009/03/23153136/0
_zView the report free of charge at www.scotland.gov.uk...
942 _n0
999 _c109411
_d109411